Hindutva (Record no. 216663)
[ view plain ]
| 000 -LEADER | |
|---|---|
| fixed length control field | 00530nam a22001937a 4500 |
| 005 - DATE AND TIME OF LATEST TRANSACTION | |
| control field | 20211023125709.0 |
| 008 - FIXED-LENGTH DATA ELEMENTS--GENERAL INFORMATION | |
| fixed length control field | 211023b ||||| |||| 00| 0 eng d |
| 040 ## - CATALOGING SOURCE | |
| Transcribing agency | AL |
| 041 ## - LANGUAGE CODE | |
| Language code of text/sound track or separate title | eng |
| 082 ## - DEWEY DECIMAL CLASSIFICATION NUMBER | |
| Edition number | 23 |
| Classification number | 320.5 |
| Item number | LELH |
| 100 ## - MAIN ENTRY--PERSONAL NAME | |
| Personal name | Jayant K Lele |
| 100 ## - MAIN ENTRY--PERSONAL NAME | |
| 9 (RLIN) | 1627 |
| 245 ## - TITLE STATEMENT | |
| Title | Hindutva |
| Remainder of title | The Emergence of the Right |
| 260 ## - PUBLICATION, DISTRIBUTION, ETC. | |
| Place of publication, distribution, etc. | Madras |
| Name of publisher, distributor, etc. | Earthworm Books Pvt Ltd |
| Date of publication, distribution, etc. | 1995 |
| 300 ## - PHYSICAL DESCRIPTION | |
| Extent | xxi,119 p. |
| Other physical details | PB |
| Dimensions | 22x14 cm. |
| 365 ## - TRADE PRICE | |
| Price type code | ₹140.00 |
| Price amount | ₹ |
| Currency code | ₹140.00 |
| 650 ## - SUBJECT ADDED ENTRY--TOPICAL TERM | |
| Topical term or geographic name entry element | Hindutva |
| 9 (RLIN) | 1628 |
| 700 ## - ADDED ENTRY--PERSONAL NAME | |
| Personal name | LELE (Jayant K) |
| 9 (RLIN) | 1629 |
| 942 ## - ADDED ENTRY ELEMENTS (KOHA) | |
| Source of classification or shelving scheme | Dewey Decimal Classification |
| Koha item type | George Fernandes Collections |
| Withdrawn status | Lost status | Source of classification or shelving scheme | Damaged status | Not for loan | Collection code | Home library | Current library | Date acquired | Cost, normal purchase price | Total Checkouts | Full call number | Barcode | Date last seen | Cost, replacement price | Price effective from | Koha item type |
|---|---|---|---|---|---|---|---|---|---|---|---|---|---|---|---|---|
| Dewey Decimal Classification | Political Science | St Aloysius Library | St Aloysius Library | 03/23/2013 | 140.00 | 320.5 LELH | GF01093 | 10/23/2021 | 140.00 | 10/23/2021 | George Fernandes Collections |